<?xml version="1.0" encoding="UTF-8"?>
<record
    xmlns:xsi="http://www.w3.org/2001/XMLSchema-instance"
    xsi:schemaLocation="http://www.loc.gov/MARC21/slim http://www.loc.gov/standards/marcxml/schema/MARC21slim.xsd"
    xmlns="http://www.loc.gov/MARC21/slim">

  <leader>02197cam a2200277 a 4500</leader>
  <controlfield tag="003">EG-GiCUC</controlfield>
  <controlfield tag="005">20250223030400.0</controlfield>
  <controlfield tag="008">110402s2007    ua     f m    000 0 ara d</controlfield>
  <datafield tag="040" ind1=" " ind2=" ">
    <subfield code="a">EG-GiCUC</subfield>
    <subfield code="b">ara</subfield>
    <subfield code="c">EG-GiCUC</subfield>
  </datafield>
  <datafield tag="041" ind1="0" ind2=" ">
    <subfield code="a">ara  </subfield>
  </datafield>
  <datafield tag="049" ind1=" " ind2=" ">
    <subfield code="a">&#x627;&#x647;&#x62F;&#x627;&#x621;</subfield>
  </datafield>
  <datafield tag="097" ind1=" " ind2=" ">
    <subfield code="a">&#x645;&#x627;&#x62C;&#x633;&#x62A;&#x64A;&#x631;</subfield>
  </datafield>
  <datafield tag="099" ind1=" " ind2=" ">
    <subfield code="a">Cai01.34.M.Sc.2007.&#x646;&#x648;.&#x627;</subfield>
  </datafield>
  <datafield tag="100" ind1="0" ind2=" ">
    <subfield code="a">&#x646;&#x648;&#x627;&#x644; &#x633;&#x639;&#x64A;&#x62F; &#x628;&#x631;&#x643;&#x627;&#x62A; </subfield>
  </datafield>
  <datafield tag="245" ind1="1" ind2="0">
    <subfield code="a">&#x623;&#x646;&#x638;&#x645;&#x629; &#x627;&#x644;&#x62A;&#x631;&#x642;&#x64A;&#x629; &#x648;&#x645;&#x639;&#x627;&#x64A;&#x64A;&#x631; &#x62A;&#x642;&#x64A;&#x64A;&#x645; &#x627;&#x644;&#x623;&#x62F;&#x627;&#x621; &#x641;&#x649; &#x627;&#x644;&#x623;&#x62C;&#x647;&#x632;&#x629; &#x627;&#x644;&#x625;&#x62F;&#x627;&#x631;&#x64A;&#x629; &#x627;&#x644;&#x639;&#x627;&#x645;&#x629; : </subfield>
    <subfield code="b">&#x62F;&#x631;&#x627;&#x633;&#x629; &#x62A;&#x637;&#x628;&#x64A;&#x642;&#x64A;&#x629; &#x639;&#x644;&#x649; &#x623;&#x645;&#x627;&#x646;&#x629; &#x627;&#x644;&#x644;&#x62C;&#x646;&#x629; &#x627;&#x644;&#x634;&#x639;&#x628;&#x64A;&#x629; &#x644;&#x644;&#x642;&#x648;&#x649; &#x627;&#x644;&#x639;&#x627;&#x645;&#x644;&#x629; &#x648;&#x627;&#x644;&#x62A;&#x62F;&#x631;&#x64A;&#x628; &#x648;&#x627;&#x644;&#x62A;&#x634;&#x63A;&#x64A;&#x644; &#x628;&#x634;&#x639;&#x628;&#x629; &#x637;&#x631;&#x627;&#x628;&#x644;&#x633; / </subfield>
    <subfield code="c">&#x646;&#x648;&#x627;&#x644; &#x633;&#x639;&#x64A;&#x62F; &#x628;&#x631;&#x643;&#x627;&#x62A; &#x61B; &#x627;&#x634;&#x631;&#x627;&#x641; &#x623;&#x628;&#x648;&#x627;&#x644;&#x642;&#x627;&#x633;&#x645; &#x639;&#x644;&#x649; &#x627;&#x644;&#x634;&#x639;&#x648;&#x627;&#x646;&#x649; : &#x639;&#x632;&#x627;&#x644;&#x62F;&#x64A;&#x646; &#x627;&#x644;&#x645;&#x628;&#x631;&#x648;&#x643; &#x639;&#x627;&#x634;&#x648;&#x631;</subfield>
  </datafield>
  <datafield tag="260" ind1=" " ind2=" ">
    <subfield code="a">&#x637;&#x631;&#x627;&#x628;&#x644;&#x633; : </subfield>
    <subfield code="b">&#x646;&#x648;&#x627;&#x644; &#x633;&#x639;&#x64A;&#x62F; &#x628;&#x631;&#x643;&#x627;&#x62A; : </subfield>
    <subfield code="c">2007</subfield>
  </datafield>
  <datafield tag="300" ind1=" " ind2=" ">
    <subfield code="a">191&#x648;&#x631;&#x642;&#x629; &#x61B; </subfield>
    <subfield code="c">30&#x633;&#x645;</subfield>
  </datafield>
  <datafield tag="502" ind1=" " ind2=" ">
    <subfield code="a">&#x627;&#x637;&#x631;&#x648;&#x62D;&#x629; (&#x645;&#x627;&#x62C;&#x633;&#x62A;&#x64A;&#x631;) - &#x62C;&#x627;&#x645;&#x639;&#x629; &#x627;&#x644;&#x62C;&#x628;&#x644; &#x627;&#x644;&#x63A;&#x631;&#x628;&#x649; - &#x643;&#x644;&#x64A;&#x629; &#x627;&#x644;&#x645;&#x62D;&#x627;&#x633;&#x628;&#x629; - &#x642;&#x633;&#x645; &#x627;&#x644;&#x625;&#x62F;&#x627;&#x631;&#x629;</subfield>
  </datafield>
  <datafield tag="520" ind1=" " ind2=" ">
    <subfield code="a">&#x62A;&#x62A;&#x645;&#x62B;&#x644; &#x645;&#x634;&#x643;&#x644;&#x629; &#x627;&#x644;&#x62F;&#x631;&#x627;&#x633;&#x629; &#x641;&#x649; &#x648;&#x62C;&#x648;&#x62F; &#x642;&#x635;&#x648;&#x631; &#x623;&#x648; &#x62E;&#x644;&#x644; &#x641;&#x649; &#x623;&#x646;&#x638;&#x645;&#x629; &#x627;&#x644;&#x62A;&#x631;&#x642;&#x64A;&#x629; &#x627;&#x644;&#x645;&#x62A;&#x628;&#x639;&#x629; &#x645;&#x646; &#x642;&#x628;&#x644; &#x627;&#x644;&#x645;&#x646;&#x638;&#x645;&#x629; &#x645;&#x62D;&#x644; &#x627;&#x644;&#x62F;&#x631;&#x627;&#x633;&#x629; &#x645;&#x645;&#x627; &#x64A;&#x624;&#x62F;&#x649; &#x625;&#x644;&#x649; &#x627;&#x639;&#x62A;&#x645;&#x627;&#x62F; &#x645;&#x639;&#x627;&#x64A;&#x64A;&#x631; &#x62A;&#x642;&#x64A;&#x64A;&#x645; &#x63A;&#x64A;&#x631; &#x645;&#x648;&#x636;&#x648;&#x639;&#x64A;&#x629; &#x648;&#x63A;&#x64A;&#x631; &#x639;&#x644;&#x645;&#x64A;&#x629; &#x648;&#x639;&#x644;&#x649; &#x627;&#x644;&#x62D;&#x643;&#x645; &#x627;&#x644;&#x634;&#x62E;&#x635;&#x649; &#x639;&#x646;&#x62F; &#x627;&#x644;&#x62A;&#x642;&#x64A;&#x64A;&#x645; . &#x648;&#x628;&#x627;&#x644;&#x62A;&#x627;&#x644;&#x649; &#x641;&#x625;&#x646; &#x647;&#x630;&#x647; &#x627;&#x644;&#x62F;&#x631;&#x627;&#x633;&#x629; &#x62A;&#x647;&#x62F;&#x641; &#x625;&#x644;&#x649; &#x645;&#x62D;&#x627;&#x648;&#x644;&#x629; &#x627;&#x644;&#x62A;&#x639;&#x631;&#x641; &#x639;&#x644;&#x649; &#x648;&#x627;&#x642;&#x639; &#x623;&#x646;&#x638;&#x645;&#x629; &#x627;&#x644;&#x62A;&#x631;&#x642;&#x64A;&#x629; &#x648;&#x645;&#x639;&#x627;&#x64A;&#x64A;&#x631; &#x62A;&#x642;&#x64A;&#x64A;&#x645; &#x627;&#x644;&#x623;&#x62F;&#x627;&#x621; &#x627;&#x644;&#x645;&#x637;&#x628;&#x642;&#x629; &#x641;&#x649; &#x627;&#x644;&#x645;&#x646;&#x638;&#x645;&#x629; &#x645;&#x62D;&#x644; &#x627;&#x644;&#x62F;&#x631;&#x627;&#x633;&#x629; &#x648;&#x645;&#x62D;&#x627;&#x648;&#x644;&#x629; &#x625;&#x64A;&#x62C;&#x627;&#x62F; &#x627;&#x644;&#x639;&#x644;&#x627;&#x642;&#x629; &#x628;&#x64A;&#x646; &#x623;&#x646;&#x638;&#x645;&#x629; &#x627;&#x644;&#x62A;&#x631;&#x642;&#x64A;&#x629; &#x648;&#x645;&#x639;&#x627;&#x64A;&#x64A;&#x631; &#x62A;&#x642;&#x64A;&#x64A;&#x645; &#x627;&#x644;&#x623;&#x62F;&#x627;&#x621; &#x648;&#x627;&#x644;&#x62A;&#x639;&#x631;&#x641; &#x639;&#x644;&#x649; &#x646;&#x648;&#x627;&#x62D;&#x649; &#x627;&#x644;&#x642;&#x635;&#x648;&#x631; &#x641;&#x649; &#x643;&#x644;&#x627; &#x645;&#x646;&#x647;&#x645;&#x627; &#x648;&#x62A;&#x632;&#x648;&#x64A;&#x62F; &#x635;&#x627;&#x646;&#x639;&#x649; &#x627;&#x644;&#x642;&#x631;&#x627;&#x631; &#x628;&#x646;&#x62A;&#x627;&#x626;&#x62C; &#x627;&#x644;&#x62F;&#x631;&#x627;&#x633;&#x629; &#x627;&#x644;&#x62A;&#x649; &#x633;&#x64A;&#x62A;&#x645; &#x627;&#x644;&#x62A;&#x648;&#x635;&#x644; &#x625;&#x644;&#x64A;&#x647;&#x627; &#x644;&#x644;&#x627;&#x633;&#x62A;&#x641;&#x627;&#x62F;&#x629; &#x645;&#x646;&#x647;&#x627;</subfield>
  </datafield>
  <datafield tag="700" ind1="0" ind2=" ">
    <subfield code="a">&#x623;&#x628;&#x648;&#x627;&#x644;&#x642;&#x627;&#x633;&#x645; &#x639;&#x644;&#x649; &#x627;&#x644;&#x634;&#x639;&#x648;&#x627;&#x646;&#x649; : </subfield>
    <subfield code="e">&#x645;&#x634;&#x631;&#x641;</subfield>
  </datafield>
  <datafield tag="700" ind1="0" ind2=" ">
    <subfield code="a">&#x639;&#x632;&#x627;&#x644;&#x62F;&#x64A;&#x646; &#x627;&#x644;&#x645;&#x628;&#x631;&#x648;&#x643; &#x639;&#x627;&#x634;&#x648;&#x631; : </subfield>
    <subfield code="e">&#x645;&#x634;&#x631;&#x641;</subfield>
  </datafield>
  <datafield tag="856" ind1=" " ind2=" ">
    <subfield code="u">http://172.23.153.220/th.pdf</subfield>
  </datafield>
  <datafield tag="905" ind1=" " ind2=" ">
    <subfield code="a">Fatma</subfield>
    <subfield code="e">Cataloger</subfield>
  </datafield>
  <datafield tag="905" ind1=" " ind2=" ">
    <subfield code="a">Nazla</subfield>
    <subfield code="e">Revisor</subfield>
  </datafield>
  <datafield tag="942" ind1=" " ind2=" ">
    <subfield code="2">ddc</subfield>
    <subfield code="c">TH</subfield>
  </datafield>
  <datafield tag="999" ind1=" " ind2=" ">
    <subfield code="c">33553</subfield>
    <subfield code="d">33553</subfield>
  </datafield>
  <datafield tag="952" ind1=" " ind2=" ">
    <subfield code="2">ddc</subfield>
    <subfield code="7">0</subfield>
    <subfield code="a">CUCL</subfield>
    <subfield code="b">cl210</subfield>
    <subfield code="d">2024-02-11</subfield>
    <subfield code="o">Cai01.34.M.Sc.2007.&#x646;&#x648;.&#x627;</subfield>
    <subfield code="p">01010100015758000</subfield>
    <subfield code="r">2023-09-22 00:00:00</subfield>
    <subfield code="y">TH</subfield>
  </datafield>
</record>
